Costa Rica. Proyección de la población económicamente activa por sexo y edad 1985-2000: perspectivas sobre la oferta laboral y sus implicaciones

Salvato in:
Dettagli Bibliografici
Ente Autore: Costa Rica. Ministerio de Planificación Nacional y Política Económica
Natura: testo
Pubblicazione: San José: MIDEPLAN
Tags: Aggiungi Tag
Nessun Tag, puoi essere il primo ad aggiungerne!!

MARC

LEADER 00000 a a2200000 04500
001 23730
003
040
090 |a 167200  
110 |a Costa Rica. Ministerio de Planificación Nacional y Política Económica  
245 |a Costa Rica. Proyección de la población económicamente activa por sexo y edad 1985-2000: perspectivas sobre la oferta laboral y sus implicaciones  
260 |a San José:   |b MIDEPLAN  
300 |a 67 p.   |b **no definido**  
999 |c 5473  |d 5473